| 000 | 00829nam a2200229Ia 4500 | ||
|---|---|---|---|
| 003 | IN-BaIIA | ||
| 008 | 211028s9999 xx 000 0 eng d | ||
| 020 | _a0078-6950 | ||
| 040 | _cIIA Library | ||
| 080 |
_a083.8:524.383 _bBAT |
||
| 100 |
_aBatten, A. H. _95281 |
||
| 245 | 0 |
_aEighth catalogue of the orbital elements of spectroscopic binary systems _cA. H. Batten, J. M Fletcher and D. G. Macarthy |
|
| 260 |
_aCanada _bNational Research Council _c1989 |
||
| 300 | _a317p. | ||
| 490 | _aPublications of Dominian Astrophysical Observatory: vl.17 | ||
| 650 | _aAstronomy and Astrophysics Thesaurus | ||
| 650 |
_aBinary stars catalogue _916194 |
||
| 650 |
_aCatalogue-Binary Stars _911416 |
||
| 700 |
_aFletcher, J. M _916323 |
||
| 700 |
_aMacarthy, D G. _916324 |
||
| 942 | _cBK | ||
| 999 |
_c9672 _d9672 |
||